| 000 | 00380nam a22001457a 4500 | ||
|---|---|---|---|
| 008 | 160809b xxu||||| |||| 00| 0 eng d | ||
| 020 | _a0872886859 | ||
| 100 | _aHuber, David Miles | ||
| 245 |
_aProfessional Microphone Techniques _cDavid Huber Miles |
||
| 260 |
_aGeorgia _bMIX _c1998 |
||
| 300 | _ax, 136p. | ||
| 650 | _aMusic | ||
| 650 | _aSound Recording | ||
| 942 |
_2lcc _cBK |
||
| 999 |
_c16039 _d16039 |
||